Random Athletes from 2026 Winter Olympics - Statistics

General Stats
  • This quiz has been taken 50 times
  • The average score is 8 of 16
Answer Stats
Picture Hint Answer % Correct
Figure Skating Alysa Liu
81%
Cross-Country Skiing Johannes Klaebo
79%
Freestyle Skiing Eileen Gu
75%
Figure Skating Ilia Malinin
69%
Alpine Skiing Mikaela Shiffrin
60%
Speed Skating Jutta Leerdam
54%
Alpine Skiing Franjo von Allmen
50%
Biathlon Julia Simon
46%
Biathlon Quentin Fillon Maillet
42%
Alpine Skiing Federica Brignone
40%
Speed Skating Francesca Lollobrigida
38%
Ski Jumping Domen Prevc
35%
Speed Skating Jordan Stolz
33%
Short T. Speed Skating Kim Gilli
33%
Figure Skating Mikhail Shaidorov
31%
Short T. Speed Skating Jens van 't Wout
23%
No matching quizzes found
Score Distribution
Percent of People with Each Score
Percentile by Number Answered
Your Score History
You have not taken this quiz